000 00554nam a2200241Ia 4500
003 OSt
005 20220912152524.0
006 a|||||r|||| 00| 0
007 ta
008 220909b |||||||| |||| 00| 0 eng d
024 _a43791
037 _cTextual
040 _aCSL
_beng
_cCSL
041 _aeng
082 _aH, K82;2
100 _aStokes W L
245 0 _aIntroduction to geology
260 _c1968
300 _ap.
_ccm.
700 _a Judson
942 _hH, K82;2
_cTEXL
_2CC
999 _c87731
_d87731